00665 2200253 4500001002100000005001700021008004100038020002200079035002400101040001200125041000800137082001100145090001700156100001800173245007300191250001000264260003000274300002700304600001100331650002100342990001600363990001600379990001600395YOGYA-0113000000126820130121152102.0 ind  a978-979-168-267-1 0010-011300000001268 aYOPDYOG aInd a808.86 a808.86 Kar H aKARTINI, R.A. aHabis gelap terbitlah terang: door durtenis tot lichtcKARTINI, R.A. aCet.1 aYogyakartabNarasic2011. a510 hlmc23 cm (3 eks) aAri P. aSurat - kumpulan a633-PD/B.12 a632-PD/B.12 a631-PD/B.12